| 000 | 00641nam a2200217 a 4500 | ||
|---|---|---|---|
| 001 | 13129 | ||
| 003 | BD-JhCC | ||
| 005 | 20230711103414.0 | ||
| 008 | 230711s2020 bg |||| |||| 000 0 eng d | ||
| 035 | _a(BD-JhCC)13129 | ||
| 040 |
_aBD-JhCC _dBD-JhCC |
||
| 041 | _aeng | ||
| 082 |
_a690 _bBNB 2020 |
||
| 110 | _4Bangladesh National Building Code | ||
| 245 |
_aBangladesh national building code / _cBangladesh National Building Code |
||
| 260 |
_aDhaka : _bBangladesh national building code, _c2020 |
||
| 300 |
_aVolume 1.3 _c25 cm. |
||
| 650 | _aBuilding--Details | ||
| 650 | _aBuilding--Details--Drawings--Standards | ||
| 942 |
_2ddc _cREF |
||
| 999 |
_c13129 _d13129 |
||